000 01228nam a2200337 i 4500
001 000021391
003 DO-SdBNP
005 20260305073956.0
006 a||||gr|||| 00| 0
007 ta
008 100907t1984 dr a 000 0 spa d
040 _aDO-SdBNP
_bspa
_cBNPHU
_erda
082 4 _a320.532097293
_bG182v 1984
_222
100 1 _aGalván, Héctor,
_d1960-
_91907
_eautor
245 1 0 _aVicios pequeñoburgueses en la izquierda dominicana /
_cHéctor Galván ; prólogo, Leonel Fernández.
250 _a2a edición
264 _aSanto Domingo :
_bAlfa y Omega,
_c1984.
300 _a213 páginas :
_bilustraciones ;
_c21 cm.
336 _2rdacontent
_atexto
_btxt
337 _2rdamedia
_asin mediación
_bn
338 _2rdacarrier
_avolumen
_bnc
500 _aIncluye datos biográficos del autor en la contracubierta.
500 _aIncluye bibliografía y notas al pie de páginas.
504 _aBibliografía: página 209
590 _aInventariado, 2024 / MF
650 4 _aComunismo
_zRepública Dominicana
_944646
650 4 _aPartidos comunistas
_zRepública Dominicana
_944647
700 1 _aFernández, Leonel,
_d1953-
_eprólogo
_97291
910 _aValidado. Control de calidad MFF
942 _2ddc
_cLBS1
999 _c20891
_d20891